000 00460nam a2200169Ia 4500
008 090711s9999 xx 000 0 und d
082 _b52343
100 _aबोरकर कमलाकर
245 _aआक्रदंन
260 _c1985
300 _a78
600 _aबोरकर कमलाकर
630 _aआक्रदंन
700 _aबोरकर कमलाकर
730 _aआक्रदंन
942 _cBOOK
999 _c307079
_d307079